000 00566cam a22001934a 4500
020 _a0130200360
040 _cDLC
082 0 0 _a631 PRE 2001 C149 Or.
100 1 _aMiller, Raymond W.,
245 1 0 _aSoils in our environment /
250 _a9th ed
260 _aUpper Saddle River, N.J. :
_bPrentice Hall,
_cc2001
300 _axiii, 642 p. :
_bill. (some col.), col. maps ;
_c27 cm. +
_e1 computer optical disc (4 3/4 in.)
650 0 _aSoil science
650 0 _aCrops and soils
650 0 _aSoil management
700 1 _aGardiner, Duane T
942 _cAEDBB
999 _c18643
_d18643